Top XIs: France (1974-2023) - Statistics

General Stats
  • This quiz has been taken 2,474 times
    2,440 since last reset
  • The average score is 272 of 500
Answer Stats
Hint Position Answer % Correct
2018 ST Kylian Mbappé
98%
2019 LN ST Kylian Mbappé
98%
2020 ST Kylian Mbappé
98%
2021 ST Kylian Mbappé
98%
2021 EURO ST Kylian Mbappé
98%
2021 LN ST Kylian Mbappé
98%
2022 LN ST Kylian Mbappé
98%
2022 WC ST Kylian Mbappé
98%
2023 ST Kylian Mbappé
98%
2014 ST Antoine Griezmann
95%
2015 ST Antoine Griezmann
95%
2016 ST Antoine Griezmann
95%
2017 ST Antoine Griezmann
95%
2018 ST Antoine Griezmann
95%
2019 LN ST Antoine Griezmann
95%
2019 ST Antoine Griezmann
95%
2020 ST Antoine Griezmann
95%
2021 ST Antoine Griezmann
95%
2021 EURO ST Antoine Griezmann
95%
2021 LN ST Antoine Griezmann
95%
2022 LN ST Antoine Griezmann
95%
2022 WC MF Antoine Griezmann
95%
2023 MF Antoine Griezmann
95%
2013 ST Olivier Giroud
93%
2015 ST Olivier Giroud
93%
2016 ST Olivier Giroud
93%
2017 ST Olivier Giroud
93%
2018 ST Olivier Giroud
93%
2019 LN ST Olivier Giroud
93%
2019 ST Olivier Giroud
93%
2022 WC ST Olivier Giroud
93%
2013 MF Paul Pogba
93%
2014 MF Paul Pogba
93%
2015 MF Paul Pogba
93%
2016 MF Paul Pogba
93%
2018 MF Paul Pogba
93%
2019 LN MF Paul Pogba
93%
2021 MF Paul Pogba
93%
2021 EURO MF Paul Pogba
93%
2021 LN MF Paul Pogba
93%
1995 MF Zinedine Zidane
93%
1996 MF Zinedine Zidane
93%
1997 MF Zinedine Zidane
93%
1998 MF Zinedine Zidane
93%
1999 MF Zinedine Zidane
93%
2000 MF Zinedine Zidane
93%
2002 MF Zinedine Zidane
93%
2003 MF Zinedine Zidane
93%
2004 MF Zinedine Zidane
93%
2006 MF Zinedine Zidane
93%
2014 DF Raphaël Varane
91%
2015 DF Raphaël Varane
91%
2018 DF Raphaël Varane
91%
2019 LN DF Raphaël Varane
91%
2019 DF Raphaël Varane
91%
2020 DF Raphaël Varane
91%
2021 EURO DF Raphaël Varane
91%
2021 LN DF Raphaël Varane
91%
2022 WC DF Raphaël Varane
91%
2023 DF Raphaël Varane
91%
2000 ST Thierry Henry
91%
2003 ST Thierry Henry
91%
2003 СС ST Thierry Henry
91%
2004 ST Thierry Henry
91%
2005 ST Thierry Henry
91%
2006 ST Thierry Henry
91%
2007 ST Thierry Henry
91%
2008 ST Thierry Henry
91%
2009 ST Thierry Henry
91%
2018 DF Lucas Hernández
90%
2019 LN DF Lucas Hernández
90%
2011 ST Karim Benzema
89%
2012 ST Karim Benzema
89%
2013 ST Karim Benzema
89%
2014 ST Karim Benzema
89%
2021 EURO ST Karim Benzema
89%
2021 LN ST Karim Benzema
89%
2017 MF N'Golo Kanté
89%
2018 MF N'Golo Kanté
89%
2019 LN MF N'Golo Kanté
89%
2020 MF N'Golo Kanté
89%
2021 EURO MF N'Golo Kanté
89%
2021 LN DF Theo Hernández
89%
2022 WC DF Theo Hernández
89%
2023 DF Theo Hernández
89%
1996 DF Lilian Thuram
87%
1997 DF Lilian Thuram
87%
1998 DF Lilian Thuram
87%
1999 DF Lilian Thuram
87%
2000 DF Lilian Thuram
87%
2002 DF Lilian Thuram
87%
2003 DF Lilian Thuram
87%
2003 СС DF Lilian Thuram
87%
2004 DF Lilian Thuram
87%
2005 DF Lilian Thuram
87%
2006 DF Lilian Thuram
87%
2007 DF Lilian Thuram
87%
2008 DF Lilian Thuram
87%
2018 DF Benjamin Pavard
86%
2019 LN DF Benjamin Pavard
86%
2019 DF Benjamin Pavard
86%
2020 DF Benjamin Pavard
86%
2021 EURO DF Benjamin Pavard
86%
2021 LN DF Benjamin Pavard
86%
2022 LN DF Benjamin Pavard
86%
2022 WC ST Ousmane Dembélé
86%
2023 ST Ousmane Dembélé
86%
2020 MF Adrien Rabiot
83%
2021 MF Adrien Rabiot
83%
2021 EURO MF Adrien Rabiot
83%
2021 LN MF Adrien Rabiot
83%
2022 LN MF Adrien Rabiot
83%
2022 WC MF Adrien Rabiot
83%
2023 MF Adrien Rabiot
83%
1982 MF Michel Platini
82%
1983 MF Michel Platini
82%
1984 MF Michel Platini
82%
1985 MF Michel Platini
82%
1986 MF Michel Platini
82%
2013 MF Blaise Matuidi
81%
2014 MF Blaise Matuidi
81%
2015 MF Blaise Matuidi
81%
2016 MF Blaise Matuidi
81%
2017 MF Blaise Matuidi
81%
2018 MF Blaise Matuidi
81%
2019 LN MF Blaise Matuidi
81%
2019 MF Blaise Matuidi
81%
2017 DF Samuel Umtiti
80%
2018 DF Samuel Umtiti
80%
1989 DF Laurent Blanc
79%
1990 DF Laurent Blanc
79%
1991 DF Laurent Blanc
79%
1992 DF Laurent Blanc
79%
1993 DF Laurent Blanc
79%
1994 DF Laurent Blanc
79%
1995 DF Laurent Blanc
79%
1996 DF Laurent Blanc
79%
1997 DF Laurent Blanc
79%
1998 DF Laurent Blanc
79%
1999 DF Laurent Blanc
79%
2000 DF Laurent Blanc
79%
1993 DF Marcel Desailly
79%
1994 DF Marcel Desailly
79%
1995 DF Marcel Desailly
79%
1996 DF Marcel Desailly
79%
1997 DF Marcel Desailly
79%
1998 DF Marcel Desailly
79%
1999 DF Marcel Desailly
79%
2000 DF Marcel Desailly
79%
2001 DF Marcel Desailly
79%
2002 DF Marcel Desailly
79%
2003 DF Marcel Desailly
79%
2003 СС DF Marcel Desailly
79%
1989 MF Didier Deschamps
78%
1990 MF Didier Deschamps
78%
1991 MF Didier Deschamps
78%
1992 MF Didier Deschamps
78%
1993 MF Didier Deschamps
78%
1994 MF Didier Deschamps
78%
1995 MF Didier Deschamps
78%
1996 MF Didier Deschamps
78%
1997 MF Didier Deschamps
78%
1998 MF Didier Deschamps
78%
1999 MF Didier Deschamps
78%
2000 MF Didier Deschamps
78%
2002 ST David Trézéguet
77%
2003 ST David Trézéguet
77%
2004 ST David Trézéguet
77%
2006 MF Franck Ribéry
77%
2007 MF Franck Ribéry
77%
2008 MF Franck Ribéry
77%
2010 MF Franck Ribéry
77%
2011 MF Franck Ribéry
77%
2012 MF Franck Ribéry
77%
2013 MF Franck Ribéry
77%
1997 MF Patrick Vieira
77%
2000 MF Patrick Vieira
77%
2001 MF Patrick Vieira
77%
2002 MF Patrick Vieira
77%
2004 MF Patrick Vieira
77%
2005 MF Patrick Vieira
77%
2006 MF Patrick Vieira
77%
1979 MF Jean Petit
75%
2021 MF Aurélien Tchouaméni
73%
2021 LN MF Aurélien Tchouaméni
73%
2022 LN MF Aurélien Tchouameni
73%
2022 WC MF Aurélien Tchouameni
73%
2023 MF Aurélien Tchouameni
73%
2020 DF Dayot Upamecano
73%
2022 WC DF Dayot Upamecano
73%
2023 DF Dayot Upamecano
73%
2008 DF Patrice Evra
72%
2009 DF Patrice Evra
72%
2010 DF Patrice Evra
72%
2013 DF Patrice Evra
72%
2014 DF Patrice Evra
72%
2015 DF Patrice Evra
72%
2016 DF Patrice Evra
72%
2004 MF Claude Makélélé
71%
2005 MF Claude Makélélé
71%
2006 MF Claude Makélélé
71%
2007 MF Claude Makélélé
71%
2008 MF Claude Makélélé
71%
2021 LN DF Jules Koundé
68%
2022 WC DF Jules Koundé
68%
2023 DF Jules Koundé
68%
1993 DF Bixente Lizarazu
67%
1996 DF Bixente Lizarazu
67%
1997 DF Bixente Lizarazu
67%
1998 DF Bixente Lizarazu
67%
1999 DF Bixente Lizarazu
67%
2000 DF Bixente Lizarazu
67%
2001 DF Bixente Lizarazu
67%
2002 DF Bixente Lizarazu
67%
2003 DF Bixente Lizarazu
67%
2003 СС DF Bixente Lizarazu
67%
2004 DF Bixente Lizarazu
67%
2001 MF Robert Pirès
66%
2003 MF Robert Pirès
66%
2004 MF Robert Pirès
66%
2013 DF Laurent Koscielny
64%
2015 DF Laurent Koscielny
64%
2016 DF Laurent Koscielny
64%
2017 DF Laurent Koscielny
64%
1999 ST Nicolas Anelka
64%
2001 ST Nicolas Anelka
64%
2007 ST Nicolas Anelka
64%
2009 ST Nicolas Anelka
64%
2010 ST Nicolas Anelka
64%
2009 DF Bacary Sagna
63%
2010 DF Bacary Sagna
63%
2011 DF Bacary Sagna
63%
2013 DF Bacary Sagna
63%
2015 DF Bacary Sagna
63%
2016 DF Bacary Sagna
63%
2019 MF Kingsley Coman
62%
2021 MF Kingsley Coman
62%
1987 ST Éric Cantona
61%
1989 ST Éric Cantona
61%
1990 ST Éric Cantona
61%
1991 ST Éric Cantona
61%
1992 ST Éric Cantona
61%
1993 ST Éric Cantona
61%
1994 ST Éric Cantona
61%
2006 DF Éric Abidal
60%
2007 DF Éric Abidal
60%
2010 DF Éric Abidal
60%
2011 DF Éric Abidal
60%
2013 DF Éric Abidal
60%
2020 DF Ferland Mendy
60%
1986 ST Jean-Pierre Papin
60%
1988 ST Jean-Pierre Papin
60%
1989 ST Jean-Pierre Papin
60%
1990 ST Jean-Pierre Papin
60%
1991 ST Jean-Pierre Papin
60%
1992 ST Jean-Pierre Papin
60%
1993 ST Jean-Pierre Papin
60%
2022 LN DF Ibrahima Konaté
59%
2019 LN DF Presnel Kimpembe
59%
2021 DF Presnel Kimpembe
59%
2021 EURO DF Presnel Kimpembe
59%
2016 MF Dimitri Payet
57%
2005 MF Florent Malouda
57%
2006 MF Florent Malouda
57%
2007 MF Florent Malouda
57%
2008 MF Florent Malouda
57%
2011 MF Florent Malouda
57%
2003 СС DF William Gallas
56%
2004 DF William Gallas
56%
2005 DF William Gallas
56%
2006 DF William Gallas
56%
2007 DF William Gallas
56%
2008 DF William Gallas
56%
2009 DF William Gallas
56%
2010 DF William Gallas
56%
1994 ST Youri Djorkaeff
56%
1996 MF Youri Djorkaeff
56%
1997 MF Youri Djorkaeff
56%
1998 ST Youri Djorkaeff
56%
1999 MF Youri Djorkaeff
56%
2000 MF Youri Djorkaeff
56%
2011 MF Samir Nasri
54%
2012 MF Samir Nasri
54%
2012 DF Gaël Clichy
53%
2013 MF Mathieu Valbuena
52%
2014 MF Mathieu Valbuena
52%
2015 MF Mathieu Valbuena
52%
2019 DF Clément Lenglet
51%
2001 DF Willy Sagnol
51%
2005 DF Willy Sagnol
51%
2006 DF Willy Sagnol
51%
2008 DF Willy Sagnol
51%
2016 MF Moussa Sissoko
50%
2019 MF Moussa Sissoko
50%
1999 ST Sylvain Wiltord
50%
2001 ST Sylvain Wiltord
50%
2002 ST Sylvain Wiltord
50%
2003 СС ST Sylvain Wiltord
50%
2005 ST Sylvain Wiltord
50%
2011 DF Adil Rami
47%
2012 DF Adil Rami
47%
2016 DF Adil Rami
47%
2019 DF Lucas Digne
47%
2021 DF Lucas Digne
47%
2021 EURO DF Lucas Digne
47%
2022 LN DF Lucas Digne
47%
2017 MF Corentin Tolisso
46%
2019 MF Corentin Tolisso
46%
2022 LN DF William Saliba
46%
2012 MF Alou Diarra
45%
2007 MF Lassana Diarra
45%
2009 MF Lassana Diarra
45%
2009 ST André-Pierre Gignac
44%
1996 MF Christian Karembeu
44%
1998 MF Christian Karembeu
44%
2001 MF Christian Karembeu
44%
1998 ST Stéphane Guivarc'h
42%
2010 MF Abou Diaby
41%
2001 DF Franck Lebœuf
41%
1995 DF Frank Lebœuf
41%
2012 MF Yohan Cabaye
41%
2014 MF Yohan Cabaye
41%
1994 MF David Ginola
40%
2020 ST Anthony Martial
39%
2014 DF Mamadou Sakho
39%
2009 MF Yoann Gourcuff
39%
2010 MF Yoann Gourcuff
39%
1997 ST Christophe Dugarry
38%
2000 ST Christophe Dugarry
38%
2003 СС ST Djibril Cissé
38%
2008 MF Jérémy Toulalan
38%
2009 MF Jérémy Toulalan
38%
2010 MF Jérémy Toulalan
38%
2012 DF Philippe Mexès
38%
2008 ST Sidney Govou
38%
2010 ST Sidney Govou
38%
1982 MF Jean Tigana
37%
1984 MF Jean Tigana
37%
1985 MF Jean Tigana
37%
1986 MF Jean Tigana
37%
2012 DF Mathieu Debuchy
37%
2014 DF Mathieu Debuchy
37%
1989 DF Franck Silvestre
36%
2022 LN ST Christopher Nkunku
32%
2023 ST Christopher Nkunku
32%
2017 MF Thomas Lemar
32%
2017 DF Djibril Sidibé
30%
2003 СС MF Ludovic Giuly
30%
2020 MF Steven Nzonzi
30%
1981 MF Alain Giresse
29%
1982 MF Alain Giresse
29%
1983 MF Alain Giresse
29%
1984 MF Alain Giresse
29%
1985 MF Alain Giresse
29%
1986 MF Alain Giresse
29%
2015 MF Morgan Schneiderlin
28%
2012 ST Jérémy Ménez
27%
2022 LN MF Mattéo Guendouzi
27%
1983 MF Luis Fernandez
26%
1984 MF Luis Fernandez
26%
1985 MF Luis Fernandez
26%
1986 MF Luis Fernandez
26%
1987 MF Luis Fernandez
26%
1988 MF Luis Fernandez
26%
1987 DF Basile Boli
25%
1988 DF Basile Boli
25%
1990 DF Basile Boli
25%
1991 DF Basile Boli
25%
1992 DF Basile Boli
25%
1983 DF Patrick Battiston
25%
1984 DF Patrick Battiston
25%
1986 DF Patrick Battiston
25%
1981 DF Marius Trésor
24%
1982 DF Marius Trésor
24%
2011 ST Loïc Rémy
23%
1982 DF Manuel Amoros
23%
1983 DF Manuel Amoros
23%
1985 DF Manuel Amoros
23%
1986 DF Manuel Amoros
23%
1987 DF Manuel Amoros
23%
1988 DF Manuel Amoros
23%
1989 DF Manuel Amoros
23%
1990 DF Manuel Amoros
23%
1991 DF Manuel Amoros
23%
1992 DF Manuel Amoros
23%
2017 DF Layvin Kurzawa
22%
1981 ST Didier Six
21%
1982 ST Didier Six
21%
1981 ST Dominique Rocheteau
21%
1983 ST Dominique Rocheteau
21%
1985 ST Dominique Rocheteau
21%
1991 DF Jocelyn Angloma
21%
1992 DF Jocelyn Angloma
21%
1994 DF Jocelyn Angloma
21%
1995 DF Jocelyn Angloma
21%
2002 DF Vincent Candela
21%
1999 MF Alain Boghossian
20%
1993 DF Emmanuel Petit
20%
1998 MF Emmanuel Petit
20%
2002 MF Emmanuel Petit
20%
2021 DF Kurt Zouma
20%
1995 ST Patrice Loko
20%
1996 ST Patrice Loko
20%
2009 DF Sébastien Squillaci
19%
1988 MF Franck Sauzée
17%
1989 MF Franck Sauzée
17%
1990 MF Franck Sauzée
17%
1991 MF Franck Sauzée
17%
1992 MF Franck Sauzée
17%
1993 MF Franck Sauzée
17%
2002 MF Johan Micoud
17%
1985 ST José Touré
17%
1987 ST José Touré
17%
1981 DF Maxime Bossis
17%
1982 DF Maxime Bossis
17%
1983 DF Maxime Bossis
17%
1984 DF Maxime Bossis
17%
1985 DF Maxime Bossis
17%
1986 DF Maxime Bossis
17%
2011 DF Anthony Réveillère
16%
2005 DF Jean-Alain Boumsong
16%
2021 DF Léo Dubois
16%
2003 MF Benoît Pedretti
15%
2003 СС MF Benoît Pedretti
15%
1980 DF Christian Lopez
15%
1981 DF Christian Lopez
15%
2003 MF Olivier Dacourt
15%
2003 СС MF Olivier Dacourt
15%
2005 MF Vikash Dhorasoo
15%
1981 MF Bernard Lacombe
14%
1984 ST Bernard Lacombe
14%
1994 DF Éric Di Meco
14%
1995 DF Éric Di Meco
14%
1995 MF Reynald Pedros
13%
1995 MF Vincent Guérin
13%
1996 MF Vincent Guérin
13%
2011 MF Yann M'Vila
12%
2007 DF François Clerc
11%
1979 MF Henri Michel
11%
1993 MF Paul Le Guen
11%
1994 MF Paul Le Guen
11%
1982 MF Bernard Genghini
10%
1989 MF Christian Perez
10%
1980 DF Raymond Domenech
10%
2001 ST Steve Marlet
10%
1986 ST Yannick Stopyra
10%
1988 ST Yannick Stopyra
10%
1983 ST Bruno Bellone
9%
1984 ST Bruno Bellone
9%
1981 DF Gérard Janvion
9%
1982 DF Gérard Janvion
9%
1988 DF Bernard Casoni
8%
1990 DF Bernard Casoni
8%
1991 DF Bernard Casoni
8%
1992 DF Bernard Casoni
8%
1997 MF Ibrahim Ba
8%
1983 DF Yvon Le Roux
8%
1984 DF Yvon Le Roux
8%
1985 DF Yvon Le Roux
8%
1987 DF Yvon Le Roux
8%
2003 DF Mikaël Silvestre
7%
2004 DF Mikaël Silvestre
7%
1980 MF Dominique Bathenay
6%
1982 ST Gérard Soler
6%
1983 MF Jean-Marc Ferreri
6%
1990 MF Jean-Marc Ferreri
6%
1984 DF J-François Domergue
6%
1985 DF William Ayache
6%
1986 DF William Ayache
6%
1987 DF William Ayache
6%
1993 DF Alain Roche
5%
1994 DF Alain Roche
5%
1980 MF Jean-François Larios
5%
1981 MF Jean-François Larios
5%
1980 MF Jean-Michel Larqué
5%
1992 MF Jean-Philippe Durand
5%
1991 MF Pascal Vahirua
5%
1980 MF Patrice Rio
5%
1989 MF Bernard Pardo
4%
1990 MF Bernard Pardo
4%
1979 ST Jean-Marc Guillou
4%
1979 DF Jean-Pierre Adams
4%
1988 MF Marcel Dib
4%
1979 DF Serge Chiesa
4%
1981 MF Alain Moizan
3%
1987 MF Fabrice Poullain
3%
1979 DF Georges Bereta
3%
1987 MF Gérald Passi
3%
1988 MF Gérald Passi
3%
1980 ST Jacques Zimako
3%
1979 MF Jean-François Jodar
3%
1979 ST Jean-Noël Huck
3%
1979 MF Loïc Amisse
3%
1988 DF Luc Sonor
3%
1989 DF Luc Sonor
3%
1987 ST Philippe Fargeon
3%
1980 DF Albert Emon
2%
1979 DF François Bracci
2%
1980 DF Léonard Specht
2%
1980 ST Omar Sahnoun
2%
No matching quizzes found
Score Distribution
Percent of People with Each Score
Percentile by Number Answered
Your Score History
You have not taken this quiz since the last reset